| 000 | 00624nam a2200205 4500 | ||
|---|---|---|---|
| 001 | 132260 | ||
| 003 | ES-MaACL | ||
| 005 | 20230906194134.0 | ||
| 007 | t| | ||
| 008 | 070214s1982 sp r ||||1| spa d | ||
| 100 | 1 |
_aRomero, Emilio. _999320 |
|
| 245 | 1 | 4 |
_aUna golfa subió a los cielos _b: novela / _cEmilio Romero. |
| 250 | _a2ª ed. | ||
| 260 |
_aBarcelona : _bPlaneta, _c1982. |
||
| 300 |
_a200 p. ; _c19 cm. |
||
| 490 | 1 | _aColección Autores españoles e hispanoamericanos | |
| 830 | 0 |
_aColección Autores españoles e hispanoamericanos _9184325 |
|
| 852 |
_aES-MaACL _jL-6445 _bR.107313 |
||
| 999 |
_c132260 _d132260 |
||